000
00219nmm a2200085Ia 4500
008
220120s9999||||xx |||||||||||||||||und||
100
_a
Stevenson, William J.
245
0
_a
Operations management
260
_a
Cengage learning
999
_c
139895
_d
139895